00530nam a2200205 a 4500001001300000003000900013005001700022008004100039020002300080082001800103100001900121245002700140260004500167300000900212500003500221505001000256650001600266650002300282700001900305nice12345678IN_TiNIC20260116014801.0091022s2009 newa grp 000 0 eng  a9788121210263c62500a303.6697bDES aDesai, Mehboob aIslam and Non-Violence aNew Delhi bGyan Publishing House c2009 a172p aincludes index and biblioraphy2 aindex aPeace-Islam aIslam-Non Violence1 aDesai, Mehboob